000
00258nam a22001217a 4500
008
180115b xxu||||| |||| 00| 0 eng d
041
_a
eng
080
_a
82
100
_a
22
101
_a
GJU
245
_a
QUANTITATIVE LITERACY
_c
EVANS.B
942
_2
udc
_c
BK
999
_c
40274
_d
40274